[Event "COL-chT"]
[Site "Risaralda"]
[Date "2023.11.23"]
[Round "7.1"]
[White "Sierra Castillo, Eyber"]
[Black "Ojeda, Jesus David"]
[Result "0-1"]
[WhiteElo "1514"]
[BlackElo "2071"]
[PlyCount "112"]
[EventDate "2023.11.19"]
[EventType "team-swiss"]
[EventRounds "7"]
[EventCountry "COL"]
[SourceTitle "CB49_2023"]
[SourceDate "2023.12.06"]
[SourceVersion "1"]
[SourceVersionDate "2023.12.06"]
[SourceQuality "1"]
[WhiteTeam "Sucre"]
[BlackTeam "Norte de Santander"]
[WhiteTeamCountry "COL"]
[BlackTeamCountry "COL"]

1. e4 b6 2. d4 Bb7 3. Bd3 g6 4. Be3 Bg7 5. Nf3 e6 6. c4 d6 7. Nc3 Ne7 8. 0-0 0-0 9. Rc1 Nbc6 10. d5 Nb4 11. Bb1 a5 12. a3 Na6 13. dxe6 fxe6 14. Nd4 Qd7 15. Qg4 Bc8 16. f4 Nc5 17. Rcd1 e5 18. Qxd7 Bxd7 19. fxe5 Bxe5 20. Nd5 Nxd5 21. exd5 Bg4 22. Rxf8+ Rxf8 23. Rd2 Re8 24. Bf2 Bf4 25. Rc2 Nd3 26. Nf3 Nxf2 27. Kxf2 Bf5 28. Nd4 Be3+ 29. Kf1 Bxd4 30. Rc1 Bxb2 31. Rd1 Bg4 32. Rd3 Bf5 33. Rb3 Bxb1 34. Rxb2 Bd3+ 35. Kf2 Bxc4 36. Rc2 Re4 37. h3 a4 38. g4 g5 39. Kg3 b5 40. h4 h6 41. hxg5 hxg5 42. Rc3 Rd4 43. Re3 Rd3 44. Rxd3 Bxd3 45. Kf3 b4 46. axb4 a3 47. Ke3 a2 48. Kxd3 a1Q 49. Kc4 Qg1 50. Kb5 Qxg4 51. Ka5 Qc4 52. Ka4 g4 53. Ka3 g3 54. Ka4 g2 55. Ka3 g1R 56. Kb2 Rg2+ 0-1

[Event "COL-chT"]
[Site "Risaralda"]
[Date "2023.11.21"]
[Round "4.1"]
[White "Sandoval, Marco Alejandro"]
[Black "Sierra Castillo, Eyber"]
[Result "0-1"]
[WhiteElo "1594"]
[BlackElo "1514"]
[PlyCount "88"]
[EventDate "2023.11.19"]
[EventType "team-swiss"]
[EventRounds "7"]
[EventCountry "COL"]
[SourceTitle "CB49_2023"]
[SourceDate "2023.12.06"]
[SourceVersion "1"]
[SourceVersionDate "2023.12.06"]
[SourceQuality "1"]
[WhiteTeam "La Guajira"]
[BlackTeam "Sucre"]
[WhiteTeamCountry "COL"]
[BlackTeamCountry "COL"]

1. Nf3 Nc6 2. d4 d5 3. Bf4 Nf6 4. e3 e6 5. Nbd2 Bd6 6. Ne5 0-0 7. g4 Bxe5 8. dxe5 Nd7 9. Nf3 f6 10. exf6 Qxf6 11. c3 Nb6 12. g5 Qf7 13. Be2 e5 14. Bg3 Bh3 15. Rg1 Rad8 16. Qc2 d4 17. exd4 exd4 18. 0-0-0 Qxa2 19. cxd4 Nxd4 20. Rxd4 Rxd4 21. Nxd4 Bf5 22. Bd3 Bxd3 23. Qxd3 Nd5 24. Qa3 Qc4+ 25. Kb1 Qxd4 26. Qb3 Qe4+ 27. Ka1 Kh8 28. Rd1 c6 29. h4 Rf3 30. Qa2 a6 31. Qa5 Rf8 32. h5 Qf3 33. Rd4 Qxh5 34. Qc5 Re8 35. Qa7 Qf7 36. Ka2 Re4 37. Qc5 Re8 38. Rh4 Qe6 39. Ka3 b6 40. Qc2 g6 41. f3 Qe3+ 42. b3 Qc3 43. Qb1 Qa5+ 44. Ra4 Qc5+ 0-1